000 01089nam a2200301 i 4500
003 EG-ScBUE
005 20250518093746.0
008 100906s2005 maua f b 001 0 eng d
020 _a0071238247
020 _a9780071238243
040 _aEG-ScBUE
_beng
_erda
_cEG-ScBUE
_dEG-ScBUE
082 0 4 _a532.02466
_bDEN
_222
100 1 _aDe Nevers, Noel,
_918386
_eauthor.
245 1 0 _aFluid mechanics for chemical engineers /
_cNoel de Nevers, Department of Chemical and Fuels Engineering, University of Autah.
250 _aThird edition.
250 _aInternational edition.
264 1 _aBoston :
_bMcGraw-Hill Higher Education,
_c2005.
300 _axxiii, 632 pages :
_billustrations ;
_c25 cm.
336 _2rdacontent
_atext
_btxt
337 _aunmediated
_2rdamedia
_bn
338 _avolume
_bnc
_2rdacarrier
490 0 _aMcGraw-Hill chemical engineering series
504 _aIncludes bibliographical references and index.
650 7 _aFluid mechanics.
_918388
_2BUEsh
650 7 _aChemical engineering.
_918389
_2BUEsh
655 _vReading book
942 _cBB
_2ddc
999 _c1948
_d1948